Statistiques concernant Camille célèbres

Cliquez ici pour prendre le quiz!

Statistiques générales

  • Ce quiz a été pris 101 fois
  • Le résultat moyen est 6 sur 10

Statistiques - réponses

DescriptifRéponse% Correct
Animateur de télévision de l'émission Touche pas à mon Poste entre 2012 et 2018 puis plus tard de Danse avec les stars ou encore Qui veut gagner des millions ?.Combal
86%
Nageur français spécialiste du dos crawlé, quintuple champion du monde ainsi que cinq fois champion d'Europe entre 2011 et 2017 sur différentes épreuves.Lacourt
75%
Miss France 2015.Cerf
74%
Actrice française jouant dans un premier temps le rôle de "Connasse" dans une série de sketchs homonymes. Apparaissant ensuite dans la série Dix pour cent ou dans le film Le Mystère Henri Pick, elle s'impose finalement dans des blockbusters américains tels que Stillwater, Mystère à Venise et House of Gucci.Cottin
73%
Actrice, humoriste et chanteuse française s'étant faite connaître dans le film Grand Central, puis sur YouTube ainsi qu'avec sa participation à l'émission The Voice : La Plus Belle Voix en 2015. Autrice et compositrice aux côtés de Grand Corps Malade de Mais je t'aime.Lellouche
62%
Nageuse française championne olympique en 2012 de 400m nage libre. Elle décède suite à un accident d'hélicoptère en 2015 à l'âge de 25 ans en Argentine.Muffat
56%
Sculptrice française ayant notamment réalisé les œuvres L'âge mûr, La Jeune Fille à la gerbe et La Valse. Elle passera les 30 dernières années de sa vie en hôpital psychiatrique.Claudel
52%
Compositeur français de l'opéra Samson et Dalila ainsi que du pastiche musical Le Carnaval des animaux. Saint-Saëns
46%
Révolutionnaire français, ami de Robespierre. Bègue tout en étant grand orateur, il est finalement guillotiné en 1794 aux côtés de Danton.Desmoulins
36%
L'un des pères de l'Impressionnisme, maître franco-danois de Gauguin et Cézanne.Pissarro
29%

Distribution des résultats

Percentile par nombre de réponses

% des personnes avec chaque résultat

Votre développement - résultats

Vous n’avez pas pris ce quiz